Villes de la Décapole - Statistiques

Statistiques générales
  • Ce quiz a été pris 50 fois
  • Le résultat moyen est 4 sur 12
Statistiques - réponses
Dates Ville % Correct
1354 - 1466 Mulhouse / Mìlhüüse
97%
1354 - 1679 Colmar / Colmar
89%
1354 - 1679 Haguenau / Hàjenàu
51%
1354 - 1679 Sélestat / Schlettstàdt
51%
1354 - 1679 Obernai / Ewernahn
34%
1354 - 1679 Wissembourg / Wisseburi
31%
1354 - 1679 Kaysersberg / Kaiserschbarig
17%
1354 - 1679 Turckheim / Dìrke
17%
1521 - 1679 Landau / Làndàu
11%
1354 - 1679 Munster / Mìnschter
11%
1354 - 1679 Rosheim / Roose
11%
1358 - 1418 Seltz / Selz
9%
Aucun quiz correspondant
Distribution des résultats
% des personnes avec chaque résultat
Percentile par nombre de réponses
Votre historique - résultats
Vous n’avez pas pris ce quiz